[Event "RUS-ch Higher League 67th"]
[Site "Vladivostok"]
[Date "2014.06.10"]
[Round "6"]
[White "Nechaev, Oleg"]
[Black "Egorov, Dmitry Petrovich"]
[Result "1-0"]
[WhiteElo "2331"]
[BlackElo "2343"]
[PlyCount "156"]
[EventDate "2014.06.04"]
[EventType "swiss"]
[EventRounds "9"]
[EventCountry "RUS"]
[SourceTitle "CBM 161"]
[Source "ChessBase"]
[SourceDate "2014.07.16"]
[SourceVersion "1"]
[SourceVersionDate "2014.07.16"]
[SourceQuality "1"]

1. d4 Nf6 2. c4 e6 3. Nf3 b6 4. g3 Bb7 5. Bg2 Be7 6. Nc3 d5 7. Ne5 0-0 8. cxd5 Nxd5 9. Nxd5 exd5 10. 0-0 Nd7 11. Qa4 Nxe5 12. dxe5 Qe8 13. Qb3 Rd8 14. Rd1 Qd7 15. Bf4 c5 16. h4 h6 17. Kh2 d4 18. h5 Bxg2 19. Kxg2 Rc8 20. Rac1 Rfd8 21. Qf3 b5 22. Rc2 Qe6 23. a3 Rd7 24. Rcd2 Rcd8 25. Qe4 Qb3 26. g4 a5 27. Rd3 Qe6 28. Kg3 Bg5 29. e3 Bxf4+ 30. Kxf4 f6 31. exd4 cxd4 32. exf6 Qxf6+ 33. Kg3 Re7 34. Qf3 Qe5+ 35. Kh3 Rf7 36. Qg3 Rf4 37. Rf3 Rxf3 38. Qxf3 Rf8 39. Qg2 Kh8 40. Rd3 Qe2 41. Rxd4 Rf3+ 42. Kh4 a4 43. Rb4 Kg8 44. Rd4 Kh8 45. Rb4 Qd3 46. Rd4 Qe2 47. Rb4 Qe7+ 48. g5 hxg5+ 49. Qxg5 Rh3+ 50. Kg4 Qe6+ 51. Kf4 Qf7+ 52. Ke4 Qf3+ 53. Kd4 Rxh5 54. Qe3 Rh4+ 55. Kd3 Qf5+ 56. Kd2 Qd7+ 57. Kc2 Qf5+ 58. Kd2 Qd5+ 59. Kc2 Qf5+ 60. Kd2 Qd5+ 61. Kc3 Qc6+ 62. Kd2 Rh1 63. Qc3 Qh6+ 64. Qe3 Qc6 65. Qc3 Qe6 66. Qe3 Qc8 67. Qc3 Qf5 68. Qe3 Rh2 69. Rf4 Qg6 70. Qd4 Qg5 71. Kc3 Rh3+ 72. f3 Qg6 73. Kb4 Rh5 74. Qd8+ Kh7 75. Rf8 Qe6 76. Rh8+ Kg6 77. Rxh5 Kxh5 78. Qd3 Kh4 1-0

[Event "RUS-ch Higher League 66th"]
[Site "Ekaterinburg"]
[Date "2013.06.22"]
[Round "3"]
[White "Egorov, Dmitry Petrovich"]
[Black "Shishigin, Dmitry"]
[Result "1-0"]
[WhiteElo "2355"]
[BlackElo "2230"]
[PlyCount "89"]
[EventDate "2013.06.20"]
[EventType "swiss"]
[EventRounds "9"]
[EventCountry "RUS"]
[SourceTitle "CBM 155"]
[Source "ChessBase"]
[SourceDate "2013.07.16"]
[SourceVersion "1"]
[SourceVersionDate "2013.07.16"]
[SourceQuality "1"]

1. e4 c5 2. c3 d5 3. exd5 Qxd5 4. d4 Nf6 5. Nf3 e6 6. Be2 Be7 7. 0-0 0-0 8. c4 Qd8 9. dxc5 Bxc5 10. Qc2 b6 11. Rd1 Qc7 12. Nc3 Bb7 13. h3 Nbd7 14. a3 Qg3 15. Rf1 Ne5 16. Ne1 Qh4 17. Nd3 Qg3 18. Ne1 a6 19. b4 Bd4 20. Bb2 Bxg2 21. Nxg2 Qxh3 22. Rfd1 Bxf2+ 23. Kxf2 Nfg4+ 24. Bxg4 Nxg4+ 25. Ke1 Qh1+ 26. Kd2 Qxg2+ 27. Kc1 Qxc2+ 28. Kxc2 Ne3+ 29. Kb3 Nxd1 30. Rxd1 Rfd8 31. Rg1 f6 32. Na4 Rd3+ 33. Kc2 Rf3 34. Nxb6 Rd8 35. c5 Kf7 36. a4 g5 37. c6 Rd6 38. b5 axb5 39. axb5 Rf5 40. Ba3 Rxb5 41. Bxd6 Rxb6 42. c7 Rc6+ 43. Kb2 Ke8 44. Rd1 h5 45. Bh2 1-0

[Event "RUS-ch Higher League 66th"]
[Site "Ekaterinburg"]
[Date "2013.06.20"]
[Round "1"]
[White "Egorov, Dmitry Petrovich"]
[Black "Ponkratov, Pavel"]
[Result "0-1"]
[WhiteElo "2355"]
[BlackElo "2605"]
[PlyCount "48"]
[EventDate "2013.06.20"]
[EventType "swiss"]
[EventRounds "9"]
[EventCountry "RUS"]
[SourceTitle "CBM 155"]
[Source "ChessBase"]
[SourceDate "2013.07.16"]
[SourceVersion "1"]
[SourceVersionDate "2013.07.16"]
[SourceQuality "1"]

1. e4 c5 2. c3 e6 3. d4 d5 4. e5 Nc6 5. Nf3 Bd7 6. a3 f6 7. Bd3 Qc7 8. 0-0 0-0-0 9. Re1 Nge7 10. b4 c4 11. Bc2 Ng6 12. a4 Be7 13. Na3 a6 14. h3 f5 15. Rb1 Rdf8 16. Bd2 Rhg8 17. Qe2 Nh8 18. Nh2 g5 19. Nxc4 dxc4 20. Qxc4 Kb8 21. Qe2 Nxd4 22. cxd4 Qxc2 23. b5 axb5 24. d5 Qc4 0-1

[Event "Yakutsk op"]
[Site "Yakutsk"]
[Date "2012.12.18"]
[Round "2"]
[White "Sivtsev, Innokenty"]
[Black "Egorov, Dmitry Petrovich"]
[Result "1/2-1/2"]
[WhiteElo "2191"]
[BlackElo "2348"]
[PlyCount "47"]
[EventDate "2012.12.17"]
[EventType "swiss"]
[EventRounds "9"]
[EventCountry "RUS"]
[SourceTitle "CBM 152 Extra"]
[Source "ChessBase"]
[SourceDate "2013.02.25"]
[SourceVersion "1"]
[SourceVersionDate "2013.02.25"]
[SourceQuality "1"]

1. e4 c6 2. d4 d5 3. exd5 cxd5 4. Bd3 Nf6 5. h3 Nc6 6. Nf3 Nb4 7. Bb5+ Bd7 8. Bxd7+ Nxd7 9. 0-0 e6 10. Bf4 Be7 11. Re1 0-0 12. c3 Nc6 13. Nbd2 a6 14. Ne5 Ncxe5 15. dxe5 b5 16. Qg4 Kh8 17. Re3 Rc8 18. Rg3 Rg8 19. Nf3 Rc4 20. h4 Re4 21. Rd1 f5 22. exf6 Nxf6 23. Ng5 Rf8 24. Qf3 1/2-1/2

[Event "Yakutsk Nikolaev Memorial"]
[Site "Yakutsk"]
[Date "2012.12.15"]
[Round "6"]
[White "Tsyhanchuk, Stanislav"]
[Black "Egorov, Dmitry Petrovich"]
[Result "1/2-1/2"]
[WhiteElo "2285"]
[BlackElo "2351"]
[PlyCount "32"]
[EventDate "2012.12.12"]
[EventType "tourn"]
[EventRounds "9"]
[EventCountry "RUS"]
[EventCategory "2"]
[SourceTitle "CBM 152 Extra"]
[Source "ChessBase"]
[SourceDate "2013.02.25"]
[SourceVersion "1"]
[SourceVersionDate "2013.02.25"]
[SourceQuality "1"]

1. e4 c6 2. d4 d5 3. e5 c5 4. dxc5 e6 5. a3 Nc6 6. Nf3 Bxc5 7. b4 Be7 8. Bb2 a6 9. c4 dxc4 10. Qxd8+ Bxd8 11. Bxc4 b5 12. Bd3 Nge7 13. Nbd2 0-0 14. Rc1 Bd7 15. Ne4 a5 16. Bxb5 axb4 1/2-1/2

[Event "Moscow op-A"]
[Site "Moscow"]
[Date "2012.02.03"]
[Round "7"]
[White "Egorov, Dmitry Petrovich"]
[Black "Paravyan, David"]
[Result "1-0"]
[WhiteElo "2348"]
[BlackElo "2205"]
[PlyCount "67"]
[EventDate "2012.01.28"]
[EventType "swiss"]
[EventRounds "9"]
[EventCountry "RUS"]
[SourceTitle "CBM 146 Extra"]
[Source "ChessBase"]
[SourceDate "2012.02.29"]
[SourceVersion "1"]
[SourceVersionDate "2012.02.29"]
[SourceQuality "1"]

1. e4 e5 2. Nf3 Nc6 3. d4 exd4 4. Nxd4 Nf6 5. Nxc6 bxc6 6. Bd3 d6 7. 0-0 g6 8. b3 Bg7 9. Bb2 0-0 10. Nd2 a5 11. a4 Re8 12. h3 Nd7 13. Bxg7 Kxg7 14. Re1 Ne5 15. Nc4 Qh4 16. Nxe5 Rxe5 17. Re3 Bd7 18. Qd2 Rae8 19. Rae1 Qg5 20. Qc3 Qf6 21. Bc4 Rc5 22. Qxf6+ Kxf6 23. Rf3+ Rf5 24. Ree3 Rxf3 25. Rxf3+ Ke7 26. Rxf7+ Kd8 27. f3 Re7 28. Rxe7 Kxe7 29. Kf2 Kf6 30. h4 h6 31. Ke3 Be8 32. b4 axb4 33. a5 Bd7 34. Ba6 1-0

[Event "Moscow op-A"]
[Site "Moscow"]
[Date "2012.02.02"]
[Round "6"]
[White "Kerigan, Demre"]
[Black "Egorov, Dmitry Petrovich"]
[Result "0-1"]
[WhiteElo "2184"]
[BlackElo "2348"]
[PlyCount "98"]
[EventDate "2012.01.28"]
[EventType "swiss"]
[EventRounds "9"]
[EventCountry "RUS"]
[SourceTitle "CBM 146 Extra"]
[Source "ChessBase"]
[SourceDate "2012.02.29"]
[SourceVersion "1"]
[SourceVersionDate "2012.02.29"]
[SourceQuality "1"]

1. e4 c6 2. d4 d5 3. e5 Bf5 4. Nd2 e6 5. Nb3 Nd7 6. Nf3 Ne7 7. Be2 Nc8 8. 0-0 Be7 9. Bd2 0-0 10. Rc1 b5 11. Na5 Qc7 12. b4 Ncb6 13. Bd3 Bg6 14. Nb3 Nc4 15. Be1 a6 16. Qe2 Rae8 17. h3 f6 18. Nh4 Bxd3 19. cxd3 fxe5 20. f4 e4 21. dxc4 bxc4 22. Nc5 Nxc5 23. bxc5 Rxf4 24. g3 Rxf1+ 25. Qxf1 Rf8 26. Qe2 e5 27. Qb2 exd4 28. Qxd4 Bxh4 29. gxh4 Qf4 30. Qd2 e3 31. Qe2 Rf6 32. h5 Rf5 33. h4 Qe4 34. Bg3 Rf3 35. Kh2 Qg4 36. Qg2 d4 37. Rxc4 Rxg3 38. Qxg3 Qe2+ 39. Kh3 Qxc4 40. Qb8+ Kf7 41. Qc7+ Kf6 42. Qf4+ Ke6 43. Qd6+ Kf5 44. Kg3 Qd5 45. Qf8+ Ke4 46. Qf3+ Kd3 47. Qf1+ Kc3 48. Qc1+ Kb4 49. a3+ Kb3 0-1

[Event "Chigorin Memorial 19th"]
[Site "St Petersburg"]
[Date "2011.10.20"]
[Round "7"]
[White "Egorov, Dmitry Petrovich"]
[Black "Al Sayed, Mohammed"]
[Result "0-1"]
[WhiteElo "2353"]
[BlackElo "2519"]
[PlyCount "68"]
[EventDate "2011.10.14"]
[EventType "swiss"]
[EventRounds "9"]
[EventCountry "RUS"]
[SourceTitle "CBM 144 Extra"]
[Source "ChessBase"]
[SourceDate "2011.10.28"]
[SourceVersion "1"]
[SourceVersionDate "2011.10.28"]
[SourceQuality "1"]

1. e4 c5 2. Nf3 d6 3. c3 Nf6 4. Bc4 e6 5. d3 a6 6. Bb3 b5 7. 0-0 Be7 8. Re1 Bb7 9. Bg5 Nbd7 10. Nbd2 h6 11. Bh4 g5 12. Bg3 Nh5 13. Nf1 Nxg3 14. Nxg3 h5 15. d4 g4 16. Nd2 Qb6 17. Ne2 h4 18. a4 cxd4 19. cxd4 Bg5 20. axb5 axb5 21. Rxa8+ Bxa8 22. Bc2 Nf6 23. Bd3 Kf8 24. Qc2 h3 25. Nf1 hxg2 26. Nfg3 Kg7 27. Qb3 d5 28. e5 Ne4 29. Qxb5 Qd8 30. Kxg2 Rxh2+ 31. Kxh2 Qh8+ 32. Kg1 Nd2 33. Nf4 Nf3+ 34. Kg2 Qh2+ 0-1

[Event "Chigorin Memorial 19th"]
[Site "St Petersburg"]
[Date "2011.10.19"]
[Round "6"]
[White "Tkachev, Ivan"]
[Black "Egorov, Dmitry Petrovich"]
[Result "1/2-1/2"]
[WhiteElo "2074"]
[BlackElo "2353"]
[PlyCount "60"]
[EventDate "2011.10.14"]
[EventType "swiss"]
[EventRounds "9"]
[EventCountry "RUS"]
[SourceTitle "CBM 144 Extra"]
[Source "ChessBase"]
[SourceDate "2011.10.28"]
[SourceVersion "1"]
[SourceVersionDate "2011.10.28"]
[SourceQuality "1"]

1. d4 Nf6 2. Bg5 e6 3. Nc3 d5 4. f3 c5 5. e3 Nc6 6. Bb5 Qb6 7. Nge2 Bd7 8. 0-0 a6 9. Ba4 Bd6 10. Kh1 Qc7 11. Bxc6 bxc6 12. Na4 cxd4 13. exd4 Nh5 14. g3 h6 15. Be3 0-0 16. f4 Nf6 17. Nc1 Ne4 18. Nd3 a5 19. Nac5 Nxc5 20. dxc5 Be7 21. Bd4 Rae8 22. Ne5 f6 23. Ng6 Rf7 24. Qh5 Qa7 25. Nh8 Rff8 26. Ng6 Rf7 27. Nh8 Rff8 28. Ng6 Rf7 29. Nh8 Rff8 30. Ng6 Rf7 1/2-1/2

[Event "Chigorin Memorial 19th"]
[Site "St Petersburg"]
[Date "2011.10.14"]
[Round "1"]
[White "Egorov, Dmitry Petrovich"]
[Black "Bondarev, Ivan"]
[Result "1-0"]
[WhiteElo "2353"]
[BlackElo "1892"]
[PlyCount "77"]
[EventDate "2011.10.14"]
[EventType "swiss"]
[EventRounds "9"]
[EventCountry "RUS"]
[SourceTitle "CBM 144 Extra"]
[Source "ChessBase"]
[SourceDate "2011.10.28"]
[SourceVersion "1"]
[SourceVersionDate "2011.10.28"]
[SourceQuality "1"]

1. e4 c5 2. Nf3 Nf6 3. e5 Nd5 4. g3 e6 5. Bg2 Nc6 6. 0-0 d6 7. exd6 Bxd6 8. d4 cxd4 9. Nxd4 Nxd4 10. Qxd4 Nf6 11. c4 0-0 12. Rd1 Be7 13. Qxd8 Rxd8 14. Rxd8+ Bxd8 15. Nc3 a6 16. b4 Bc7 17. a4 Rb8 18. a5 b6 19. axb6 Rxb6 20. b5 axb5 21. Be3 Ra6 22. Rxa6 Bxa6 23. cxb5 Bc8 24. b6 Be5 25. Na4 Nd5 26. Bxd5 exd5 27. Nc5 d4 28. Bf4 d3 29. Nxd3 Bd4 30. Be3 Bxb6 31. Bxb6 g5 32. f4 f6 33. Kf2 Bf5 34. Ke3 Kf7 35. Bd8 h6 36. Nc5 Bh7 37. Nd7 f5 38. fxg5 hxg5 39. Bxg5 1-0

[Event "Moscow op-A 04th"]
[Site "Moscow"]
[Date "2008.02.05"]
[Round "4"]
[White "Egorov, Dmitry Petrovich"]
[Black "Urjubdshzirov, Erdni"]
[Result "1/2-1/2"]
[WhiteElo "2345"]
[BlackElo "2173"]
[PlyCount "68"]
[EventDate "2008.02.02"]
[EventType "swiss"]
[EventRounds "9"]
[EventCountry "RUS"]
[SourceTitle "CBM 122 Extra"]
[Source "ChessBase"]
[SourceDate "2008.03.04"]
[SourceVersion "1"]
[SourceVersionDate "2008.03.04"]
[SourceQuality "1"]

1. e4 e6 2. d4 c5 3. d5 exd5 4. exd5 d6 5. Bd3 Be7 6. c4 Nf6 7. h3 Na6 8. Nc3 Nc7 9. Nf3 b6 10. 0-0 0-0 11. b3 Re8 12. Bf4 Bb7 13. Re1 b5 14. Qc2 bxc4 15. bxc4 Ba6 16. Ne2 g6 17. Ng3 Nd7 18. h4 Nf8 19. h5 Bc8 20. hxg6 hxg6 21. Rxe7 Qxe7 22. Ne4 f5 23. Nxd6 Qg7 24. Rd1 Rd8 25. Be5 Qh6 26. Nxf5 Bxf5 27. Bxc7 Rd7 28. Bh2 Bg4 29. Qd2 Qh5 30. Be4 Re8 31. Re1 Rh7 32. Qf4 Bxf3 33. gxf3 Nd7 34. d6 Kh8 1/2-1/2

[Event "Moscow op 03rd"]
[Site "Moscow"]
[Date "2007.02.04"]
[Round "9"]
[White "Papin, Vasily"]
[Black "Egorov, Dmitry Petrovich"]
[Result "1-0"]
[WhiteElo "2416"]
[BlackElo "2305"]
[PlyCount "69"]
[EventDate "2007.01.27"]
[EventType "swiss"]
[EventRounds "9"]
[EventCountry "RUS"]
[SourceTitle "CBM 116 Extra"]
[Source "ChessBase"]
[SourceDate "2007.03.07"]
[SourceVersion "1"]
[SourceVersionDate "2007.03.07"]
[SourceQuality "1"]

1. e4 c5 2. Nf3 d6 3. d4 cxd4 4. Qxd4 a6 5. Bg5 Nc6 6. Qd2 Nf6 7. Bxf6 gxf6 8. Nc3 e6 9. 0-0-0 b5 10. Nd4 Qb6 11. Nxc6 Qxc6 12. a3 Rb8 13. Bd3 Be7 14. Kb1 Qc5 15. Na2 Bb7 16. Rhe1 d5 17. exd5 Bxd5 18. Nb4 Bb7 19. Be4 Rd8 20. Nd3 Qc7 21. Qh6 Bxe4 22. Rxe4 f5 23. Re2 b4 24. axb4 a5 25. Qh5 Kf8 26. Red2 Kg7 27. f4 Rhf8 28. g4 fxg4 29. Ne5 Rxd2 30. Rxd2 axb4 31. Rd7 Qc5 32. Qxg4+ Kh8 33. Nd3 Qa5 34. Rxe7 Ra8 35. Kc1 1-0

[Event "Moscow op 03rd"]
[Site "Moscow"]
[Date "2007.02.01"]
[Round "6"]
[White "Egorov, Dmitry Petrovich"]
[Black "Krylov, Mikhail"]
[Result "1-0"]
[WhiteElo "2305"]
[BlackElo "2408"]
[PlyCount "113"]
[EventDate "2007.01.27"]
[EventType "swiss"]
[EventRounds "9"]
[EventCountry "RUS"]
[SourceTitle "CBM 116 Extra"]
[Source "ChessBase"]
[SourceDate "2007.03.07"]
[SourceVersion "1"]
[SourceVersionDate "2007.03.07"]
[SourceQuality "1"]

1. e4 g6 2. d4 Bg7 3. g3 d6 4. Bg2 c6 5. Ne2 Nf6 6. 0-0 0-0 7. c4 e5 8. Nbc3 Nbd7 9. b3 exd4 10. Nxd4 Re8 11. Bb2 Nc5 12. Re1 Bg4 13. f3 Bd7 14. Qd2 Qb6 15. Rad1 Rad8 16. Qf2 Bc8 17. Nc2 h5 18. Ba1 a5 19. Re2 Nh7 20. Red2 Qc7 21. Ne2 Bxa1 22. Rxa1 Ng5 23. Rad1 Bh3 24. Bh1 Nce6 25. Ne3 Bg4 26. Bg2 Bxf3 27. h4 Bxg2 28. Qxg2 Qb6 29. Rd3 Nh7 30. Qf3 Nc5 31. Rd4 Re7 32. Kg2 a4 33. Nc3 Qa5 34. b4 Qxb4 35. Ncd5 cxd5 36. Nxd5 Qb2+ 37. R1d2 Qxd2+ 38. Rxd2 Rxe4 39. Rf2 f5 40. Qc3 Re5 41. Qa5 Rd7 42. Qa8+ Kg7 43. Qc8 Nf6 44. Nxf6 Kxf6 45. Qf8+ Ke6 46. Rd2 Ne4 47. Rd5 Nf6 48. Rd2 Re4 49. c5 d5 50. Rb2 d4 51. Rb6+ Kd5 52. Rxf6 Kc4 53. c6 bxc6 54. Rxc6+ Kd3 55. Qa3+ Kd2 56. Qb2+ Ke3 57. Rc1 1-0

[Event "Moscow op 03rd"]
[Site "Moscow"]
[Date "2007.01.30"]
[Round "4"]
[White "Egorov, Dmitry Petrovich"]
[Black "Kremenietsky, Anatoly M"]
[Result "1-0"]
[WhiteElo "2305"]
[BlackElo "2389"]
[PlyCount "65"]
[EventDate "2007.01.27"]
[EventType "swiss"]
[EventRounds "9"]
[EventCountry "RUS"]
[SourceTitle "CBM 116 Extra"]
[Source "ChessBase"]
[SourceDate "2007.03.07"]
[SourceVersion "1"]
[SourceVersionDate "2007.03.07"]
[SourceQuality "1"]

1. e4 d6 2. d4 Nf6 3. Nc3 g6 4. h3 Bg7 5. g4 0-0 6. g5 Nfd7 7. Nf3 e5 8. d5 Nb6 9. Be3 f5 10. gxf6 Qxf6 11. Be2 Bd7 12. Qd2 Nc4 13. Bxc4 Qxf3 14. Rh2 a6 15. Be2 Qf7 16. 0-0-0 b5 17. a3 Qe7 18. h4 Rf4 19. h5 g5 20. h6 Bf6 21. Rg1 Kh8 22. Rhg2 Qf8 23. Bxf4 gxf4 24. Bh5 a5 25. Rg7 Ra7 26. Bf7 Bxg7 27. hxg7+ Qxg7 28. Rxg7 Kxg7 29. Be6 b4 30. Qe2 Bxe6 31. dxe6 c6 32. Qg4+ Kf8 33. Qg5 1-0

[Event "Moscow op 03rd"]
[Site "Moscow"]
[Date "2007.01.27"]
[Round "1"]
[White "Novikov, Stanislav"]
[Black "Egorov, Dmitry Petrovich"]
[Result "1-0"]
[WhiteElo "2535"]
[BlackElo "2305"]
[PlyCount "73"]
[EventDate "2007.01.27"]
[EventType "swiss"]
[EventRounds "9"]
[EventCountry "RUS"]
[SourceTitle "CBM 116 Extra"]
[Source "ChessBase"]
[SourceDate "2007.03.07"]
[SourceVersion "1"]
[SourceVersionDate "2007.03.07"]
[SourceQuality "1"]

1. e4 c5 2. Nf3 d6 3. d4 cxd4 4. Nxd4 Nf6 5. Nc3 g6 6. Be3 Bg7 7. Be2 0-0 8. 0-0 Nc6 9. Nb3 Bd7 10. f4 Rc8 11. h3 a6 12. Bf3 b5 13. a3 Be6 14. Qd2 Bxb3 15. cxb3 Na5 16. Qc2 Nd7 17. Rad1 Qc7 18. Kh1 e6 19. Qd3 Nc5 20. Qxd6 Naxb3 21. e5 Rfe8 22. Qxc7 Rxc7 23. Rd6 Bf8 24. Rb6 Rd8 25. Rd1 Rcd7 26. Rxd7 Rxd7 27. Rb8 Rd3 28. Bf2 Rd2 29. Bh4 Rxb2 30. Bc6 f6 31. Nd5 fxe5 32. Be7 exd5 33. Bxd5+ Kg7 34. Rxf8 Rb1+ 35. Kh2 exf4 36. Rf7+ Kh6 37. h4 1-0

[Event "St Petersburg White Nights op"]
[Site "St Petersburg"]
[Date "2006.06.28"]
[Round "6"]
[White "Mishuchkov, Nikolai Mikhailovic"]
[Black "Egorov, Dmitry Petrovich"]
[Result "0-1"]
[WhiteElo "2371"]
[BlackElo "2215"]
[PlyCount "100"]
[EventDate "2006.06.23"]
[EventType "swiss"]
[EventRounds "9"]
[EventCountry "RUS"]
[SourceTitle "CBM 112 Extra"]
[Source "ChessBase"]
[SourceDate "2006.07.14"]
[SourceVersion "1"]
[SourceVersionDate "2006.07.14"]
[SourceQuality "1"]

1. Nf3 Nf6 2. g3 g6 3. Bg2 Bg7 4. 0-0 c5 5. c4 0-0 6. d4 cxd4 7. Nxd4 Nc6 8. Nc3 Nxd4 9. Qxd4 d6 10. Bd2 Be6 11. Qd3 a6 12. b3 Rb8 13. Rac1 Qd7 14. Rfd1 b5 15. Nd5 Rfc8 16. Bg5 bxc4 17. bxc4 Bxd5 18. cxd5 Qa4 19. Rc6 Qxa2 20. Bh3 Rd8 21. Rxa6 Qb3 22. Qxb3 Rxb3 23. f3 h6 24. Bc1 Rb1 25. e4 Nd7 26. Bxd7 Rxd7 27. Rc6 Ra7 28. Kf2 Raa1 29. Ke2 h5 30. Rc8+ Kh7 31. Re1 Ra2+ 32. Bd2 Rbb2 33. Rd1 h4 34. Kd3 Rb3+ 35. Ke2 Bh6 36. f4 hxg3 37. hxg3 Rxg3 38. Kf1 Rd3 39. Ke1 Rh3 40. Rc3 Rxc3 41. Bxc3 Bxf4 42. Rb1 Ra4 43. Bb4 Be5 44. Ke2 Kg7 45. Kd3 Ra1 46. Rb3 Rg1 47. Kc4 g5 48. Bd2 g4 49. Rb7 g3 50. Be3 Re1 0-1

[Event "Chigorin Memorial 12th"]
[Site "St Petersburg"]
[Date "2004.10.24"]
[Round "9"]
[White "Marinin, Viktor"]
[Black "Egorov, Dmitry Petrovich"]
[Result "0-1"]
[WhiteElo "2088"]
[BlackElo "2417"]
[PlyCount "78"]
[EventDate "2004.10.16"]
[EventType "swiss"]
[EventRounds "9"]
[EventCountry "RUS"]
[SourceTitle "EXT 2005"]
[Source "ChessBase"]
[SourceDate "2004.11.15"]
[SourceVersion "1"]
[SourceVersionDate "2004.11.15"]
[SourceQuality "1"]

1. d4 d5 2. c4 e6 3. Nf3 Nf6 4. g3 c5 5. Bg2 Be7 6. 0-0 0-0 7. cxd5 exd5 8. Nc3 Nc6 9. Be3 c4 10. b3 Qa5 11. Bd2 Bb4 12. Qc2 Qa6 13. Bg5 Bxc3 14. Qxc3 Ne4 15. Qc1 cxb3 16. axb3 Qxe2 17. Be3 Qb5 18. Nd2 Bf5 19. g4 Nxd2 20. Qxd2 Bxg4 21. Rac1 Rad8 22. Bg5 f6 23. Be3 Bf5 24. Qd1 Qd3 25. Qh5 g6 26. Qh4 Qxb3 27. Bh6 Rf7 28. Rfe1 Be4 29. Bxe4 dxe4 30. Qxe4 Rfd7 31. Re3 Qf7 32. Rd1 Rxd4 33. Rxd4 Nxd4 34. Rd3 Qd5 35. Qe7 Qd7 36. Qxf6 b5 37. Kf1 b4 38. Bg5 Re8 39. Rxd4 Qh3+ 0-1

[Event "St Petersburg White Nights op1"]
[Site "St Petersburg"]
[Date "2002.??.??"]
[Round "1"]
[White "Egorov, Dmitry Petrovich"]
[Black "Ivanets, Vladimir"]
[Result "1-0"]
[WhiteElo "2182"]
[BlackElo "2330"]
[PlyCount "55"]
[EventDate "2002.??.??"]
[EventType "swiss"]
[EventRounds "9"]
[EventCountry "RUS"]
[SourceTitle "EXT 2003"]
[Source "ChessBase"]
[SourceDate "2002.11.25"]
[SourceVersion "1"]
[SourceVersionDate "2002.11.25"]
[SourceQuality "1"]

1. e4 c5 2. Nf3 a6 3. c3 b5 4. d4 Bb7 5. Bd3 e6 6. 0-0 Nc6 7. Bg5 f6 8. Bf4 cxd4 9. cxd4 Nb4 10. Nc3 Nxd3 11. Qxd3 Ne7 12. Bg3 Ng6 13. h4 Bb4 14. h5 Ne7 15. Rac1 0-0 16. a3 Ba5 17. Bd6 Rf7 18. b4 Bb6 19. d5 Rc8 20. Rfd1 Rc4 21. a4 exd5 22. axb5 Rxc3 23. Qxc3 dxe4 24. bxa6 Ba8 25. Nd4 Nd5 26. Qc8 Bc6 27. Qxd8+ Bxd8 28. a7 1-0

[Event "St Petersburg White Nights op1"]
[Site "St Petersburg"]
[Date "2002.??.??"]
[Round "3"]
[White "Egorov, Dmitry Petrovich"]
[Black "Karasev, Vladimir I"]
[Result "1-0"]
[WhiteElo "2182"]
[BlackElo "2436"]
[PlyCount "75"]
[EventDate "2002.??.??"]
[EventType "swiss"]
[EventRounds "9"]
[EventCountry "RUS"]
[SourceTitle "EXT 2003"]
[Source "ChessBase"]
[SourceDate "2002.11.25"]
[SourceVersion "1"]
[SourceVersionDate "2002.11.25"]
[SourceQuality "1"]

1. e4 c5 2. Nf3 e6 3. c3 Nf6 4. d3 Nc6 5. Be2 d6 6. 0-0 c4 7. d4 Nxe4 8. d5 exd5 9. Qxd5 Nf6 10. Qxc4 d5 11. Qa4 Ne4 12. Nbd2 Nc5 13. Qc2 Be7 14. Nb3 Ne4 15. Be3 Qc7 16. Rad1 Be6 17. c4 Nb4 18. Qb1 dxc4 19. Nbd4 Nc5 20. Nxe6 Nxe6 21. a3 Nd3 22. Bxd3 cxd3 23. Rxd3 0-0 24. Rc1 Qb8 25. Nd4 Nf4 26. Nf5 Bf6 27. Rd2 Ne6 28. Qe4 Rd8 29. Rxd8+ Bxd8 30. Nd4 Qd6 31. Nxe6 fxe6 32. Qxb7 Rb8 33. Qxa7 Rxb2 34. Bd4 Bc7 35. g3 Rd2 36. Rxc7 Rd1+ 37. Kg2 Qd5+ 38. f3 1-0